[Event "SCO-ch 125th"]
[Site "Paisley"]
[Date "2018.07.07"]
[Round "1"]
[White "White, Stuart A"]
[Black "MacGilchrist, Siegrun"]
[Result "1-0"]
[WhiteElo "2103"]
[BlackElo "1644"]
[PlyCount "57"]
[EventDate "2018.07.07"]
[EventType "swiss"]
[EventRounds "9"]
[EventCountry "SCO"]
[SourceTitle "CBM 185 Extra"]
[Source "ChessBase"]
[SourceDate "2018.07.29"]
[SourceVersion "1"]
[SourceVersionDate "2018.07.29"]
[SourceQuality "1"]

1. d4 c5 2. d5 Nf6 3. c4 g6 4. Nc3 Bg7 5. e4 d6 6. Bd3 Bg4 7. f3 Bc8 8. Nge2 Nbd7 9. Ng3 Ne5 10. Be2 Qa5 11. 0-0 0-0 12. f4 Neg4 13. h3 Nh6 14. Bd2 Qb6 15. Qc1 Kh8 16. Nh1 e6 17. Nf2 exd5 18. cxd5 Bd7 19. Qc2 a6 20. Rae1 Rac8 21. g4 Nhg8 22. f5 Qd8 23. g5 Nh5 24. Bxh5 gxh5 25. Qd1 Bd4 26. Qxh5 h6 27. Kg2 f6 28. g6 Bxf2 29. Bxh6 1-0

[Event "SCO-ch 122nd"]
[Site "Edinburgh"]
[Date "2015.07.17"]
[Round "7"]
[White "MacGilchrist, Siegrun"]
[Black "Zamvar, Vipin"]
[Result "0-1"]
[WhiteElo "1746"]
[BlackElo "1622"]
[PlyCount "142"]
[EventDate "2015.07.11"]
[EventType "swiss"]
[EventRounds "9"]
[EventCountry "SCO"]
[SourceTitle "CBM 167 Extra"]
[Source "ChessBase"]
[SourceDate "2015.09.14"]
[SourceVersion "1"]
[SourceVersionDate "2015.09.14"]
[SourceQuality "1"]

1. c4 Nf6 2. g3 d5 3. cxd5 Qxd5 4. Nf3 Bf5 5. Nc3 Qd6 6. Bg2 Nc6 7. 0-0 a6 8. d3 Qd7 9. Qb3 Rb8 10. Ng5 e6 11. Be3 Na5 12. Qc2 Be7 13. Rac1 0-0 14. h3 h6 15. Nf3 Nc6 16. g4 Bg6 17. Bf4 Bd6 18. Bxd6 cxd6 19. Ne4 Nxe4 20. dxe4 d5 21. Rfd1 Rfd8 22. Nh4 Bh7 23. Qd2 Qe7 24. Nf3 dxe4 25. Qe1 exf3 26. Rxd8+ Rxd8 27. Bxf3 Qb4 28. Qxb4 Nxb4 29. Bxb7 Nxa2 30. Rc4 a5 31. Ra4 Nc1 32. Rxa5 Nxe2+ 33. Kh2 g5 34. b4 Rb8 35. Ra7 Nd4 36. Ra8 Rxa8 37. Bxa8 Bd3 38. Kg3 e5 39. f3 Kf8 40. Kf2 Nc2 41. Bb7 Nxb4 42. Ke3 Ke7 43. Kd2 Bf1 44. Kc3 Na2+ 45. Kc2 Kd6 46. Kb3 Nc1+ 47. Kc2 Ne2 48. Kd2 Nf4 49. Ke1 Bc4 50. Kf2 Nxh3+ 51. Ke3 Nf4 52. Be4 h5 53. gxh5 Nxh5 54. Kf2 Nf6 55. Bf5 Be6 56. Bc2 g4 57. fxg4 Nxg4+ 58. Kf3 Nh6 59. Ke3 Kc5 60. Bd1 f5 61. Bc2 Ng4+ 62. Kf3 Kd4 63. Bb1 e4+ 64. Ke2 Bc4+ 65. Ke1 f4 66. Bc2 f3 67. Bb3 f2+ 68. Kd2 e3+ 69. Kc2 Bxb3+ 70. Kb2 e2 71. Kxb3 e1Q 0-1

[Event "GER-ch int (Women)"]
[Site "Erfurt"]
[Date "2014.08.31"]
[Round "9"]
[White "MacGilchrist, Siegrun"]
[Black "Mueller, Lucie"]
[Result "1-0"]
[WhiteElo "1788"]
[BlackElo "1126"]
[PlyCount "51"]
[EventDate "2014.08.25"]
[EventType "swiss"]
[EventRounds "9"]
[EventCountry "GER"]
[SourceTitle "CBM 162 Extra"]
[Source "ChessBase"]
[SourceDate "2014.10.17"]
[SourceVersion "1"]
[SourceVersionDate "2014.10.17"]
[SourceQuality "1"]

1. c4 d5 2. cxd5 Qxd5 3. Nc3 Qd8 4. d4 Nf6 5. e4 e6 6. Bg5 Be7 7. Nf3 Nbd7 8. Qc2 c6 9. 0-0-0 Ng4 10. Bxe7 Qxe7 11. d5 Nge5 12. dxe6 Qxe6 13. Nd4 Qh6+ 14. Qd2 Qxd2+ 15. Rxd2 Nc5 16. f4 Ng4 17. h3 Ne3 18. g4 Nxf1 19. Rxf1 Bd7 20. Rfd1 0-0-0 21. e5 g6 22. b4 Ne6 23. Nde2 Ng7 24. Ne4 f5 25. exf6 Rhe8 26. Nd6+ 1-0

[Event "Commonwealth-ch"]
[Site "Glasgow"]
[Date "2014.07.02"]
[Round "3"]
[White "Milton, Anna Helen Mary"]
[Black "MacGilchrist, Siegrun"]
[Result "1/2-1/2"]
[WhiteElo "1547"]
[BlackElo "1781"]
[PlyCount "56"]
[EventDate "2014.06.30"]
[EventType "swiss"]
[EventRounds "9"]
[EventCountry "SCO"]
[SourceTitle "CBM 161 Extra"]
[Source "ChessBase"]
[SourceDate "2014.08.29"]
[SourceVersion "1"]
[SourceVersionDate "2014.08.29"]
[SourceQuality "1"]

1. d4 d5 2. c4 e6 3. Nc3 c6 4. e3 Bb4 5. Nf3 Nf6 6. Bd3 dxc4 7. Bxc4 Ne4 8. Qc2 Nxc3 9. bxc3 Be7 10. 0-0 Nd7 11. e4 Qa5 12. Bf4 Nf6 13. Rad1 Nh5 14. Be3 Nf6 15. Bf4 Nh5 16. Be3 Nf6 17. Rfe1 Qc7 18. Qd2 Nxe4 19. Qc2 Nf6 20. Qd2 Nd5 21. Bd3 Qa5 22. Rc1 Nxe3 23. fxe3 b6 24. Ne5 Bb7 25. Qf2 Bf6 26. Nc4 Qa6 27. Nd6+ Ke7 28. Nxb7 Qxb7 1/2-1/2

[Event "SCO-ch Seniors"]
[Site "Edinburgh"]
[Date "2011.07.11"]
[Round "3"]
[White "MacGilchrist, Siegrun"]
[Black "Mason, Ian C"]
[Result "0-1"]
[WhiteElo "1776"]
[BlackElo "1858"]
[PlyCount "178"]
[EventDate "2011.07.09"]
[EventType "tourn"]
[EventRounds "7"]
[EventCountry "SCO"]
[SourceTitle "EXT 2023"]
[Source "ChessBase"]
[SourceDate "2022.10.05"]
[SourceVersion "1"]
[SourceVersionDate "2022.10.05"]
[SourceQuality "1"]

1. c4 e5 2. Nc3 d6 3. g3 f5 4. Bg2 Nf6 5. d3 Be7 6. Bg5 c6 7. e3 0-0 8. Nf3 Na6 9. 0-0 Nc7 10. Nh4 Ng4 11. Bxe7 Qxe7 12. h3 Nf6 13. f4 g6 14. Nf3 Kg7 15. Qd2 Bd7 16. Kh2 Rae8 17. Rad1 h6 18. fxe5 dxe5 19. d4 e4 20. Ne5 Bc8 21. Ne2 Ne6 22. Nf4 Nxf4 23. gxf4 Kh7 24. Rg1 Rg8 25. Bf1 Rg7 26. Qf2 Nd7 27. Rg3 Qh4 28. Qg2 Reg8 29. c5 Nxe5 30. dxe5 Be6 31. b3 Bd5 32. Qc2 g5 33. Qf2 Kh8 34. Rd2 g4 35. Kg1 gxh3 36. Rxg7 Rxg7+ 37. Kh2 Qe7 38. Bxh3 Qf8 39. b4 Kh7 40. Qh4 Rf7 41. Rg2 Be6 42. Qh5 Rg7 43. Rxg7+ Kxg7 44. a3 Qd8 45. Qe2 Qd3 46. Qg2+ Kh7 47. Qg3 Qd2+ 48. Bg2 Qd8 49. Qf2 Qe7 50. Qd2 Kg7 51. Kg1 Qh4 52. Bf1 Qg3+ 53. Qg2 Qg6 54. Be2 Bf7 55. Qxg6+ Kxg6 56. Kg2 Kg7 57. Kh3 b6 58. cxb6 axb6 59. a4 Bd5 60. Kh4 c5 61. bxc5 bxc5 62. a5 c4 63. Bd1 Bb7 64. Kg3 c3 65. Kf2 Ba6 66. Ke1 Kf8 67. Bh5 Ke7 68. Kd1 Bd3 69. Kc1 Ke6 70. Bg6 Be2 71. Kc2 h5 72. Bxh5 Bxh5 73. Kxc3 Be2 74. Kb4 Kd5 75. Kc3 Bd3 76. Kb4 Ba6 77. Kc3 Kc5 78. Kb3 Bb5 79. Kc3 Bc4 80. Kc2 Kb5 81. Kb2 Kxa5 82. Kc3 Be6 83. Kd4 Kb6 84. Kc3 Kc5 85. Kb2 Kb4 86. Kc2 Kc4 87. Kd2 Kb3 88. Kd1 Kc3 89. Ke2 Kc2 0-1

[Event "Sunningdale e2e4 Major op"]
[Site "Sunningdale"]
[Date "2011.05.30"]
[Round "7"]
[White "MacGilchrist, Siegrun"]
[Black "Sagues, Vincent"]
[Result "0-1"]
[WhiteElo "1776"]
[BlackElo "1949"]
[PlyCount "66"]
[EventDate "2011.05.27"]
[EventType "swiss"]
[EventRounds "7"]
[EventCountry "ENG"]
[SourceTitle "EXT 2023"]
[Source "ChessBase"]
[SourceDate "2022.10.05"]
[SourceVersion "1"]
[SourceVersionDate "2022.10.05"]
[SourceQuality "1"]

1. c4 Nf6 2. Nc3 e6 3. g3 d5 4. cxd5 exd5 5. Bg2 c6 6. d4 Bf5 7. Bg5 Be7 8. e3 Nbd7 9. Nge2 h6 10. Bxf6 Nxf6 11. Qb3 Qd7 12. Na4 b6 13. 0-0 Ne4 14. Bxe4 dxe4 15. Qc2 0-0 16. Nf4 g5 17. Ng2 Rac8 18. Nc3 Qe6 19. Qb3 Qg6 20. f3 exf3 21. Rxf3 b5 22. Raf1 Bc2 23. Rf6 Bxf6 24. Rxf6 Bxb3 25. Rxg6+ fxg6 26. axb3 Rfe8 27. b4 Rc7 28. Kf2 Rf7+ 29. Ke2 Ref8 30. Ne4 Rf1 31. h4 Rb1 32. Nd2 Rxb2 33. hxg5 Rxd2+ 0-1